[Event "Heusenstamm Sparkassen op U14 5th"]
[Site "Heusenstamm"]
[Date "2018.11.24"]
[Round "2"]
[White "Rehbein, Vitus"]
[Black "Kautz, Christopher"]
[Result "0-1"]
[WhiteElo "1159"]
[BlackElo "958"]
[PlyCount "108"]
[EventDate "2018.11.23"]
[EventType "swiss"]
[EventRounds "7"]
[EventCountry "GER"]
[SourceTitle "CBM 188 Extra"]
[Source "ChessBase"]
[SourceDate "2019.02.26"]
[SourceVersion "1"]
[SourceVersionDate "2019.02.26"]
[SourceQuality "1"]

1. e4 e5 2. Nf3 Nc6 3. Bc4 Bc5 4. 0-0 Nf6 5. Nc3 d6 6. d3 Be6 7. Bb3 Qe7 8. Bg5 0-0-0 9. Nd5 Bxd5 10. Bxd5 h6 11. Bxc6 hxg5 12. Bd5 Nxd5 13. exd5 f5 14. a4 g4 15. a5 gxf3 16. Qxf3 Rdf8 17. h3 g5 18. g4 f4 19. Rae1 Rf6 20. Kg2 Rfh6 21. Rh1 Bb4 22. c3 Bxa5 23. d4 Bb6 24. dxe5 dxe5 25. Qe4 Re8 26. Qf5+ Kb8 27. b4 Qf6 28. Qxf6 Rxf6 29. c4 c5 30. Rb1 Kc8 31. Rhd1 Rd8 32. bxc5 Bxc5 33. Rb5 b6 34. Rc1 Kb7 35. Rbb1 Rc8 36. Re1 a6 37. Rb2 Bd4 38. Rd2 Bc3 39. Rdd1 Bxe1 40. Rxe1 Rcf8 41. c5 bxc5 42. Rb1+ Kc7 43. f3 Rd6 44. Ra1 Rxd5 45. Rxa6 Rd2+ 46. Kg1 Rb8 47. Ra1 c4 48. Kf1 c3 49. Ke1 Kc6 50. Rc1 Rb3 51. Rxc3+ Rxc3 52. Kxd2 Rxf3 53. Ke2 Rxh3 54. Kf2 e4 0-1